ARRUPE JESUIT UNIVERSITY

CORONAVIRUS -STOP THE SPREAD - CLEAN,DISINFECT,COVER

The love of Jesus and the love of neighbour (Record no. 130592)

MARC details
000 -LEADER
fixed length control field 00433nam a22001457a 4500
008 - FIXED-LENGTH DATA ELEMENTS--GENERAL INFORMATION
fixed length control field 201029b ||||| |||| 00| 0 eng d
050 ## - LIBRARY OF CONGRESS CALL NUMBER
Classification number BS2545.L6 R148
100 ## - MAIN ENTRY--PERSONAL NAME
Personal name Rahner, Karl
9 (RLIN) 4800
245 ## - TITLE STATEMENT
Title The love of Jesus and the love of neighbour
Statement of responsibility, etc Karl Rahner
260 ## - PUBLICATION, DISTRIBUTION, ETC. (IMPRINT)
Place of publication, distribution, etc England
Name of publisher, distributor, etc St. Paul Publications
Date of publication, distribution, etc 1983
300 ## - PHYSICAL DESCRIPTION
Extent 104p. ;
Dimensions 21cm.
650 ## - SUBJECT ADDED ENTRY--TOPICAL TERM
Topical term or geographic name as entry element Love
9 (RLIN) 50105
700 ## - ADDED ENTRY--PERSONAL NAME
Personal name Barr, Robert tr.
9 (RLIN) 50106
942 ## - ADDED ENTRY ELEMENTS (KOHA)
Source of classification or shelving scheme Library of Congress Classification
Item type Monograph ( Printed materials)
Holdings
Withdrawn status Lost status Source of classification or shelving scheme Damaged status Not for loan Collection code Home library Current library Shelving location Date acquired Total Checkouts Full call number Barcode Date last seen Price effective from Koha item type
    Library of Congress Classification     Main Collection ARRUPE LIBRARY ARRUPE LIBRARY Main Collection 29/10/2020   BS2545.L6 R148 46600008186 29/10/2020 29/10/2020 Monograph ( Printed materials)

 

Arrupe Library. PO Box MP320 Mt Pleasant, Harare, Zimbabwe
263 242 745411|librarian@aju.ac.zw